| 000 | 00812nam a2200265 a 4500 | ||
|---|---|---|---|
| 003 | AR-BaBNM | ||
| 005 | 20251128205703.0 | ||
| 008 | 082120s2002 ||||||||||||||000 | spa|| | ||
| 040 | _cAR-BaBNM | ||
| 100 | 1 | _aZorraquín Becú, Ricardo | |
| 245 | 0 | 0 | _aHomenaje a Ricardo Zorraquín Becú en los 50 años de su dedicación a la historia |
| 260 |
_aBuenos Aires _bAcademia Nacional de la Historia _c1990 |
||
| 300 | _a40 p. | ||
| 650 | 4 | _aHISTORIOGRAFIA | |
| 650 | 4 | _aHISTORIOGRAFIA ARGENTINA | |
| 650 | 4 | _aHISTORIADORES | |
| 650 | 4 | _aHISTORIA POLITICA | |
| 650 | 4 | _aANALISIS HISTORICO | |
| 650 | 4 | _aINVESTIGACION HISTORICA | |
| 650 | 4 | _aESCRITURA HISTORICA | |
| 700 | 1 |
_aGianello, Leoncio _eprologuista |
|
| 700 | 1 |
_aMariluz Urquijo, José María _eprologuista |
|
| 942 | _cBK | ||
| 998 | _cMariana | ||
| 999 |
_c12404 _d12404 |
||